| 000 | 00868nam a2200265 a 4500 | ||
|---|---|---|---|
| 999 |
_c7778 _d7778 |
||
| 001 | 9033 | ||
| 003 | BD-DhUAP | ||
| 005 | 20210201125141.0 | ||
| 008 | 201117s2001 ii a 001 0 eng d | ||
| 020 | _a0421391308 | ||
| 040 |
_aBD-DhUAP _beng _cBD-DhUAP _dBD-DhUAP |
||
| 082 | 0 | 0 |
_a342.06 PHI _223 |
| 100 | _aPhillips, O. Hood. | ||
| 245 |
_aO. Hood Phillips and Jackson's constitutional and administrative law / _cO. Hood Phillips, Paul Jackson and Patricia Leopold. |
||
| 250 | _a7th ed. | ||
| 260 |
_aLondon : _bSweet & Maxwell, _cc1987. |
||
| 300 |
_alxxvi, 808 pages : _billustrations ; _c22 cm. |
||
| 500 | _aFor students of B. Sc., M. Sc., and also useful for competitive examinations. | ||
| 504 | _aIncludes index. | ||
| 650 | _aAdministrative law. | ||
| 700 | _aJackson, Paul. | ||
| 700 | _aLeopold, Patricia. | ||
| 942 |
_2ddc _cBK |
||